Statistiques concernant đŸŽ¶ Paroles "La belle et le bad boy" MC Solaar

Cliquez ici pour prendre le quiz!

Statistiques générales

  • Ce quiz a Ă©tĂ© pris 27 fois
  • Le rĂ©sultat moyen est 215 sur 321

Statistiques - réponses

Mots% Correct
Ă 
95%
A
95%
a
95%
Baumettes
95%
BM
95%
c'
95%
C'
95%
Corvette
95%
Et
95%
et
95%
l'
95%
Le
95%
le
95%
R&B
95%
bad
90%
belle
90%
boy ...
90%
boy,
90%
boy (X3,5)
90%
d'
90%
Dassin
90%
de
90%
Il
90%
il
90%
s'
90%
S'
90%
Elle
85%
elle
85%
est
85%
France
85%
la
85%
La
85%
n'
85%
Des
80%
des
80%
en
80%
en
80%
Ă©tait
80%
Jodeci
80%
Joe
80%
les
80%
Les
80%
ou
80%
qu'
80%
Se
80%
se
80%
sur
80%
Un
80%
un
80%
dans
75%
Ă©taient
75%
que
75%
aux
70%
entre
70%
Entre
70%
ils
70%
Ils
70%
pas
70%
Pour
70%
pour
70%
qui
70%
rencontrés
70%
Son
70%
une
70%
balles,
65%
balles
65%
bancs
65%
cour,
65%
cours
65%
Deux
65%
deux
65%
Ă©cole
65%
ensemble,
65%
ensemble
65%
fille
65%
lui
65%
Lui
65%
Mais
65%
ne
65%
sa
65%
sous-
65%
sous
65%
avec
60%
comme,
60%
espagnol
60%
exclu
60%
grand
60%
maths
60%
mec
60%
mobylettes
60%
Quand
60%
quand
60%
22,
55%
ans
55%
assemblent
55%
balades
55%
colle,
55%
ensembles,
55%
ensembles
55%
eux
55%
fana
55%
football
55%
fort
55%
goal
55%
grands
55%
heure
55%
larmes
55%
plus
55%
vingt-
55%
yeux
55%
adieu
50%
arrĂȘter
50%
contexte
50%
craignait
50%
croire
50%
faut
50%
flammes
50%
flammes,
50%
freine
50%
fun
50%
instant
50%
jeté
50%
jette
50%
lave
50%
pur
50%
tĂȘte,
50%
volait
50%
amour,
45%
clip
45%
concept
45%
délit
45%
passer
45%
promettait
45%
quĂȘte
45%
rectangle
45%
rectangle,
45%
si
45%
style
45%
survĂȘt,
45%
tombe,
45%
triangle,
45%
triangle
45%
truc
45%
vrai
45%
aujourd'hui
40%
commence
40%
convaincant,
40%
convaincue
40%
devenait
40%
faire
40%
gagner
40%
grave
40%
ouf
40%
rĂȘve
40%
rime
40%
toujours
40%
complicité
35%
coups
35%
Escale
35%
mecs
35%
partent
35%
poursuit
35%
réseaux
35%
sans
35%
serait
35%
sortent
35%
tours
35%
vit
35%
adverse
30%
billets
30%
concurrence,
30%
Dieu
30%
Ă©quipe
30%
faux
30%
piédestal,
30%
projectiles
30%
sanglant,
30%
trafiquent
30%
Ambiance
25%
Balancent
25%
délimité
25%
devant
25%
paranoĂŻaque,
25%
Risqué
25%
semblant
25%
Slaves
25%
traĂźne
25%
vu ?
25%
plaident
20%
pommettes,
20%
Parlent
15%

Distribution des résultats

Percentile par nombre de réponses

% des personnes avec chaque résultat

Votre développement - résultats

Vous n’avez pas pris ce quiz